Normal view
MARC view
- Levenspiel,Octave
Entry Personal Name
001 - CONTROL NUMBER
- control field: 14265
003 - CONTROL NUMBER IDENTIFIER
- control field: NUST
005 - DATE AND TIME OF LATEST TRANSACTION
- control field: 20190511085702.0
008 - FIXED-LENGTH DATA ELEMENTS
- fixed length control field: 190511|| aca||aabn | a|a d
040 ## - CATALOGING SOURCE
- Original cataloging agency: NUST
- Transcribing agency: NUST
100 ## - HEADING--PERSONAL NAME
- Personal name: Levenspiel,Octave
670 ## - SOURCE DATA FOUND
- Source citation: Work cat.: (NUST)70200: Levenspiel,Octave, Chemical Reaction Engineering
